000 00719cam a2200217 a 4500
001 000017369
005 20200929165107.0
008 761129s1965 ve ac 001 p spa d
040 _aDO-SdBNP
_bspa
_cFU
_dDLC
_dBNPHU
082 _aVe861.44
_bA714e
100 1 _aAristeguieta, Jean.
_d1925 -
_938031
245 1 4 _aLos espejismos /
_cJean Aristeguieta.
260 _aCaracas, (Venezuela) :
_bAsociación de Escritores Venezolanos,
_c1965.
300 _a94 p. :
_bil., retrs. ;
_c17 cm.
490 1 _aCuadernos literarios,
_v121
650 4 _aPoesía venezolana
_94230
650 4 _aLiteratura venezolana
_93816
830 0 _aCuadernos literarios ;
_v121
_938032
910 _aCatalogación por copia / LC
049 _aBNGR
999 _c16894
_d16894